Техническая механика микросистем: учебное пособие

Bibliographische Detailangaben
Körperschaft: Московский государственный институт электронной техники (Технический университет) (МИЭТ)
Weitere Verfasser: Тимофеев В. Н. (редактор), Погалов А. И., Угольников С. В., Андрианов А. М., Панкратов О. В.
Zusammenfassung:Пособие посвящено механике микросистем, являющейся составной частью физики микросистем. Изложены основы теории механических колебаний, анализа напряженно-деформированного состояния несущих элементов, демпфирования, электромеханики. Рассмотрены современные конструкции микрогироскопов и акселерометров, микрозеркала, что обусловлено большим практическим интересом к таким приборам.
Sprache:Russisch
Veröffentlicht: Москва, БИНОМ. Лаборатория знаний, 2011
Ausgabe:2-е изд.
Schlagworte:
Format: MixedMaterials Buch
KOHA link:https://koha.lib.tpu.ru/cgi-bin/koha/opac-detail.pl?biblionumber=206218

MARC

LEADER 00000nam0a2200000 4500
001 206218
005 20231101225331.0
010 |a 9785996306367 
035 |a (RuTPU)RU\TPU\book\224788 
090 |a 206218 
100 |a 20111228d2011 m y0rusy50 ca 
101 0 |a rus 
102 |a RU 
105 |a a j 001zy 
200 1 |a Техническая механика микросистем  |e учебное пособие  |f В. Н. Тимофеев [и др.]  |g Московский государственный институт электронной техники (Технический университет) (МИЭТ) ; под ред. В. Н. Тимофеева 
205 |a 2-е изд. 
210 |a Москва  |c БИНОМ. Лаборатория знаний  |d 2011 
215 |a 176 с.  |c ил. 
320 |a Библиогр.: с. 173-174. 
320 |a Список сокращений: с. 175-176. 
330 |a Пособие посвящено механике микросистем, являющейся составной частью физики микросистем. Изложены основы теории механических колебаний, анализа напряженно-деформированного состояния несущих элементов, демпфирования, электромеханики. Рассмотрены современные конструкции микрогироскопов и акселерометров, микрозеркала, что обусловлено большим практическим интересом к таким приборам. 
606 1 |a Микросистемы  |x Физика  |2 stltpush  |3 (RuTPU)RU\TPU\subj\64467  |9 81361 
610 1 |a микросистемная техника 
610 1 |a механические системы 
610 1 |a колебания 
610 1 |a анализ 
610 1 |a микромеханические приборы 
610 1 |a несущие элементы 
610 1 |a напряженно-деформированное состояние 
610 1 |a демпфирование 
610 1 |a электромеханика 
610 1 |a датчики давления 
610 1 |a микроакселерометры 
610 1 |a микромеханические гироскопы 
610 1 |a микромеханические зеркала 
610 1 |a инженерный анализ 
610 1 |a учебные пособия 
675 |a 621.382:53(075.8)  |v 3 
701 1 |a Тимофеев  |b В. Н. 
701 1 |a Погалов  |b А. И. 
701 1 |a Угольников  |b С. В. 
701 1 |a Андрианов  |b А. М. 
701 1 |a Панкратов  |b О. В. 
702 1 |a Тимофеев  |b В. Н.  |4 340 
712 0 2 |a Московский государственный институт электронной техники (Технический университет) (МИЭТ)  |2 stltpush  |3 (RuTPU)RU\TPU\col\2285 
801 1 |a RU  |b 63413507  |c 20111228 
801 2 |a RU  |b 63413507  |c 20150611  |g RCR 
900 |a Техническая механика 
942 |c BK 
951 |b 210100 
959 |a 101/20111228  |d 5  |e 200,00  |f ЧЗТЛ:1  |f АНЛ:1  |f УФ:3